01178nam a2200277 i 4500003000900000005001700009007000300026008004100029040003000070082001300100100002800113245015400141264006700295300002600362336002700388337003400415338002800449500008100477590002700558700003000585710005200615910001400667942001400681952018800695999001700883DO-SdBNP20240307073943.0ta110413s1998 dr 000 j spa d aDO-SdBNPbspacBNPHUerda bB5242221 aBernbaum, Marcia95335910aEduca :blíderes empresariales promueven la educación básica y la reforma educativa en la República Dominicana /cMarcia Bernbaum, Uli Locher 1aSanto Domingo :bUSAID,bTalleres gráficos de Mograf,c1998. a64 páginas c23 cm. 2rdacontentatextobtxt 2rdamediaasin mediación bn 2rdacarrieravolumenbnc aIncluye datos biografícos de los autores en la solapa de la contraportada. aInventariado, 2023/ YL1 aLocher, Ulieautor9846752 aInstituto Tecnológico de Santo Domingo978911 aYLockward 2ddccLBS1 00102ddc51708PDaBNPHUbBNPHUcCTd2014-12-01eBarbara Suncarl0oBNPHU PD B524p2023-8054r2023-11-27w2023-11-27yLBS1zPerteneció a la biblioteca personal de Bárbara Suncar c55596d55596